Normal view
MARC view
Entry Personal Name
001 - CONTROL NUMBER
- control field: 1237852
003 - CONTROL NUMBER IDENTIFIER
- control field: OSt
005 - DATE AND TIME OF LATEST TRANSACTION
- control field: 20260430150546.0
008 - FIXED-LENGTH DATA ELEMENTS
- fixed length control field: 260430|| aca||aabn | a|a d
040 ## - CATALOGING SOURCE
- Original cataloging agency: OSt
- Transcribing agency: OSt
100 ## - HEADING--PERSONAL NAME
- Personal name: Yadav Nitin Au.; Dixit Aparna Gu
670 ## - SOURCE DATA FOUND
- Source citation: Work cat.: (OSt)1850075: Yadav Nitin Au.; Dixit Aparna Gu., Understanding the Molecular Mechanisms of Epileptogenesis in Drug-Resistant Focal Epilepsy for the Identification of Pathology-Specificpotential Biomarkers, 2024
